| 000 | 00698nam a22001937a 4500 | ||
|---|---|---|---|
| 003 | BUBTL | ||
| 008 | 190408b xxu||||| |||| 00| 0 eng d | ||
| 020 | _a978-984-33-5679-6 | ||
| 082 | _a954.92051 / AHB | ||
| 100 |
_92021 _aআহমেদ, সিরাজ উদদীন |
||
| 245 |
_aভারত বিভাগ : _bঐতিহাসিক ভুল / _cসিরাজ উদদীন আহমেদ |
||
| 250 | _a2nd ed. | ||
| 260 |
_aঢাকা : _bভাস্কর প্রকাশনী, _cc2015 |
||
| 300 |
_a416 p. : _c22 cm. |
||
| 650 | 0 |
_91755 _aমুক্তিযুদ্ধ |
|
| 856 |
_k0 _l0 _yDownload |
||
| 942 |
_2ddc _cBK |
||
| 999 |
_c5965 _d5965 |
||